| 000 | 00964cas a2200193 4500 | ||
|---|---|---|---|
| 001 | 6521 | ||
| 010 | _a 97946003 | ||
| 022 |
_a0857-8397 _l |
||
| 245 | 0 | 0 | _aChulalongkorn journal of economics / |
| 260 |
_aBangkok : _bFaculty of Economics, Chulalongkorn University _c2007. |
||
| 300 |
_a321 p.; _bill. ; _c22 cm. |
||
| 500 | _aLibrary has vol. 19, no. 3. Special issue on Happiness. | ||
| 505 |
_aCausal analysis in happiness research -- The micro and the macro of happiness: case of East Asia -- Happiness as a new paradigm for development and public policies -- Testing happiness framework based on western and eastern thoughts: a case studey of Bangkok -- Happiness, the sufficiency economy and the middle way. _g _r _t |
||
| 520 | _aWith reference to Thai economy. | ||
| 650 | 0 | _aEconomics. | |
| 651 | 0 |
_aAsia _xEconomic conditions _y1945- _vPeriodicals. |
|
| 651 | 0 |
_aThailand _xEconomic conditions _y1986- _vPeriodicals. |
|
| 999 |
_c5498 _d5498 |
||